POLL: What Generation Are You? - Statistics

General Stats
  • This quiz has been taken 60 times
  • The average score is 2 of 5
Answer Stats
Hint Years Answer % Correct
Gen Z (Type "Z") 1997-2012
82%
Millennial (Type "Y") 1981-1996
24%
Gen Alpha (Type "A") 2013-2025
20%
Gen X (Type "X") 1965-1980
16%
Other (Type "O") -
16%
No matching quizzes found
Score Distribution
Percent of People with Each Score
Percentile by Number Answered
Your Score History
You have not taken this quiz